000 00525nam a22002057a 4500
003 MPLRDC
005 20220105061133.0
008 210129b ||||| |||| 00| 0 eng d
020 _a978-986-319-208-4
082 _a857.9 HY-8 v.7
100 _a黄易
245 _a天地明环. 卷07
_c
250 _a初版一刷
260 _a台湾
_b盖亚文化有限公司
_c2016
300 _b
490 _a盛唐三部曲
520 _a新书上架 2018-02-02。
650 _a武侠小说
942 _cBK
_o857.9 HY-8 v.7
999 _c69358
_d69348